000 00707nam a2200229Ia 4500
003 OSt
005 20220923221000.0
006 a|||||r|||| 00| 0
007 ta
008 220922b |||||||| |||| 00| 0 hin d
024 _a193,287
037 _cTextual
040 _aARTS
_cARTS
_bhin
041 _2hin
_ahin
082 _aV2:241:N4, 152H9
100 _aठाकुर, राजबहादुर सिंह
245 0 _aकांग्रेस का सरल इतिहास
246 _aKāangres kā saral itihāsa
260 _c1949
942 _hV2:241:N4, 152H9
_cTEXL
_2CC
999 _c345762
_d345762